Top 70 scotland boy names? Quiz Stats

Quiz not verified by Sporcle

Challenge
Share
Tweet
Embed
Score 0/70 Timer 13:00
0 Plays Today
1950 % Correct
John
85.7%
James
82.8%
david
77%
William
74.2%
andrew
68.4%
robert
66.4%
michael
64.8%
peter
63.1%
paul
63.1%
stephen
61.5%
thomas
61.1%
Ian
59.8%
george
57.4%
matthew
54.1%
charles
53.7%
alexander
53.3%
richard
51.6%
harry
51.6%
alan
50.8%
daniel
50.4%
edward
48.4%
christopher
48%
donald
47.1%
graham
47.1%
henry
45.1%
Brian
43.9%
stuart
42.6%
patrick
40.6%
frank
40.2%
Kenneth
39.8%
stewart
39.8%
colin
38.9%
joseph
38.1%
iain
37.7%
francis
35.2%
1950 % Correct
neil
35.2%
samuel
34.8%
martin
34.8%
ronald
34%
anthony
34%
walter
33.2%
douglas
31.6%
eric
29.5%
frederick
28.7%
allan
28.3%
alistair
28.3%
derek
27.9%
keith
27.9%
norman
27%
arthur
26.6%
angus
26.2%
albert
25.8%
duncan
25.4%
bruce
25.4%
hugh
24.2%
malcolm
21.3%
raymond
18.9%
archibald
18%
gerald
18%
gerald
18%
dennis
15.6%
alastair
13.1%
bernard
11.5%
leslie
8.6%
roderick
7%
terence
7%
denis
5.3%
gordan
4.9%
philp
0.4%
adams
0%

You're not logged in!

Compare scores with friends on all Sporcle quizzes.
Sign Up with Email
OR
Log In

You Might Also Like...

Show Comments

Extras

Top Quizzes Today


Score Distribution

Your Account Isn't Verified!

In order to create a playlist on Sporcle, you need to verify the email address you used during registration. Go to your Sporcle Settings to finish the process.